Contemporary fixed prosthodontics / (Record no. 23748)
[ view plain ]
| 000 -LEADER | |
|---|---|
| fixed length control field | 00977cam a22002894a 4500 |
| 001 - CONTROL NUMBER | |
| control field | 14656245 |
| 005 - DATE AND TIME OF LATEST TRANSACTION | |
| control field | 20161225154918.0 |
| 008 - FIXED-LENGTH DATA ELEMENTS--GENERAL INFORMATION | |
| fixed length control field | 061205r20132007ii a frd 1 001d0 eng |
| 020 ## - INTERNATIONAL STANDARD BOOK NUMBER | |
| International Standard Book Number | 9788131208632 |
| 040 ## - CATALOGING SOURCE | |
| Original cataloging agency | EG-ScBUE |
| Language of cataloging | eng |
| Transcribing agency | EG-ScBUE |
| Modifying agency | EG-ScBUE |
| 082 04 - DEWEY DECIMAL CLASSIFICATION NUMBER | |
| Classification number | 617.692 |
| Edition number | 22 |
| Item number | ROS |
| 100 1# - MAIN ENTRY--PERSONAL NAME | |
| 9 (RLIN) | 32531 |
| Personal name | Rosenstiel, Stephen F. |
| 245 10 - TITLE STATEMENT | |
| Title | Contemporary fixed prosthodontics / |
| Statement of responsibility, etc | Stephen F. Rosenstiel, Martin F. Land, Junhei Fujimoto. |
| 250 ## - EDITION STATEMENT | |
| Edition statement | 4th ed., Reprint ed. |
| 260 ## - PUBLICATION, DISTRIBUTION, ETC. (IMPRINT) | |
| Place of publication, distribution, etc | New Delhi : |
| Name of publisher, distributor, etc | Mosby / Elsevier, |
| Date of publication, distribution, etc | 2013. |
| 300 ## - PHYSICAL DESCRIPTION | |
| Extent | xiii, 1130 p. : |
| Other physical details | ill. (some col.) ; |
| Dimensions | 29 cm. |
| 500 ## - GENERAL NOTE | |
| General note | Reprinted of the 2006 ed. |
| 500 ## - GENERAL NOTE | |
| General note | Glossary : p. 997-1083 |
| 500 ## - GENERAL NOTE | |
| General note | Index : p. 1085-1130. |
| 650 #7 - SUBJECT ADDED ENTRY--TOPICAL TERM | |
| Topical term or geographic name as entry element | Bridges (Dentistry) |
| 9 (RLIN) | 32532 |
| Source of heading or term | BUEsh |
| 650 #7 - SUBJECT ADDED ENTRY--TOPICAL TERM | |
| Topical term or geographic name as entry element | Crowns (Dentistry) |
| 9 (RLIN) | 32533 |
| Source of heading or term | BUEsh |
| 651 ## - SUBJECT ADDED ENTRY--GEOGRAPHIC NAME | |
| Source of heading or term | BUEsh |
| 653 ## - INDEX TERM--UNCONTROLLED | |
| Resource For college | |
| Arrived date list | February2013 |
| -- | December2016 |
| 700 1# - ADDED ENTRY--PERSONAL NAME | |
| Personal name | Land, Martin F. |
| 9 (RLIN) | 32534 |
| 700 1# - ADDED ENTRY--PERSONAL NAME | |
| Personal name | Fujimoto, Junhei. |
| 9 (RLIN) | 32535 |
| 942 ## - ADDED ENTRY ELEMENTS (KOHA) | |
| Source of classification or shelving scheme | Dewey Decimal Classification |
| Item type | |
| Withdrawn status | Item status | Source of classification or shelving scheme | Damaged status | Not for loan | Vendor | Home library | Current library | Shelving location | Date acquired | Source of acquisition | Cost, normal purchase price | Serial Enumeration / chronology | Total Checkouts | Total Renewals | Full call number | Barcode | Date last seen | Date last borrowed | Cost, replacement price | Koha item type |
|---|---|---|---|---|---|---|---|---|---|---|---|---|---|---|---|---|---|---|---|---|
| Dewey Decimal Classification | Central Library | Central Library | First floor | 25/12/2016 | Purchase | 295.00 | 3684 | 1 | 617.692 ROS | 000040647 | 15/07/2025 | 25/05/2017 | 368.75 | Book - Borrowing |